000 00762nam a2200229 a 4500
999 _c3668
_d3668
001 3668
003 BD-JhCC
005 20171115211511.0
008 171115s1966 bg a|||| |||| 000 0 mul d
035 _a(BD-JhCC)3668
040 _aBD-JhCC
_dBD-JhCC
041 _aBengali and English
082 _a891.4409
_bKHA 1966
100 _aখাইয়াম, ওমর
245 _aরুবাইয়াৎ /
_cওমর খাইয়াম, সিকানদার আবু জাফর [অনু.]
260 _aঢাকা :
_bবাংলা একাডেমী,
_c1966.
300 _a117 p. :
_bill.,
_c21 cm.
650 _aBengali Literature
700 _aজাফর, সিকানদার আবু
942 _2ddc
_cBK